000 02590nam0a22004811 4500
001 RU\NLR\A1\26460
005 20260408064007.0
035 _a(NLR Aleph) 009680779
090 _a9701044
_c9701044
100 _a19991019d1790 m y0rusy50 ca
101 0 _arus
102 _aRU
135 _acrcn 024anaba
140 _ay y aayaa0000
200 1 _aОда ея императорскому величеству Екатерине II, на новый 1791 год.
_eПоднесенная Иваном Янковичем де Мириево, двора ея императорскаго величества пажем
210 _aВ Санктпетербурге
_cпечатана у Ф.Брейткопфа
_d[1790]
215 _a[4] с.
_d4°
300 _aЦенз.: с дозволения указнаго (тит. л.).
316 _aЭкз. РНБ (18.167.3.406) в обл. из серо-голубой бумаги. На 1-й с. обл. ярлык с шифром РНБ. На с.[4] круглый штамп ГПБ. Размер: 21,4х17,4х0,1 см.
_5NLR: 18.167.3.406
321 1 _aСК XVIII 8762
325 _aКопия доступна в Электрон. б-ке РНБ
620 _dСанкт-Петербург
700 1 _aЯнкович де Мириево
_bИ.Ф.
_f-1811
_gИван Федорович
_4070
702 1 _4610
_7ca
_8rus
_aБрейткопф
_bФ. И.
_f1749-1820
_gФедор Иванович
_9183064
_3RU\NLR\AUTH\770183115
702 0 _4420
_8rus
_7ca
_aЕкатерина
_cимператрица российская
_dII
_f1729-1796
_3RU\NLR\AUTH\772098
_9112115
712 0 2 _4610
_aБрейткопф, типография
_cПетербург
_3RU\NLR\AUTH\8810039155
_9577217
801 0 _aRU
_bNLR
_c19991019
852 _aNLR
_j18.167.3.406
856 0 _uhttp://vivaldi.nlr.ru/bx700000181/view
856 1 _uhttp://vivaldi.nlr.ru/bx700000181/cover
856 2 _uhttp://vivaldi.nlr.ru/bx700000181/text
899 _aБАН
942 _cBOOK
980 _aNB
980 3 _akpcivil
980 3 _akp
980 _aA1XVIIIv
981 2 2 _a(22) Материалы по истории России
_b(22) Российский императорский дом
981 2 0 _a(20) Книжные памятники РНБ
_b(20) Русский книжный фонд